LDR 00730naa#a2200169#i#450# 001 RU\\bibl\124418 005 20260604000047.4 011 ## _a2782-4586 100 ## _a20260530b2026####ek#y0rusy0150####ca 102 ## _aRU 200 1# _aГармонизация налоговых систем для обеспечения бюджетной ликвидности в странах ЕАЭС _eЖурнальная статья 210 1# _aМосква _cУниверситет ИТБО _d2026 215 ## _a6 с. 608 ## _aЖурнальная статья _2local 675 ## _aФинансовая политика. Налоговая политика. 336.02 _z 700 #1 _aАхмадеев _gРавиль Габдуллаевич 856 4# _azhpi.ru _u